| 000 | 00764nac a22002171u 4500 | ||
|---|---|---|---|
| 008 | 120401s1991 -u ||||rr||| 001 0 eng d | ||
| 010 | _a 90023758 | ||
| 020 | _a8178081083 | ||
| 020 | _a9788178081083 | ||
| 082 | 0 | 0 |
_a006.32 _bFRE _222 |
| 100 |
_aFreeman, James A. _929529 |
||
| 245 | 1 | 0 |
_aNeural Networks : _bAlgorithms, Applications, and Programming Techniques / _cJames A. Freeman, David M. Skapura. |
| 260 |
_aReading, Mass. : _bAddison-Wesley, _c1991. |
||
| 300 |
_axiii, 401 p. : _bill. ; _c24 cm. |
||
| 440 | 0 |
_aComputation and neural systems series _929530 |
|
| 650 | 0 |
_aNeural networks (Computer science) _929531 |
|
| 650 | 0 |
_aComputer algorithms. _929532 |
|
| 653 | _bCS | ||
| 700 | 1 |
_aSkapura, David M. _929533 |
|
| 942 |
_cBB _k006.32 FRE _2ddc |
||
| 999 |
_c452 _d452 |
||